00547nam a22001697a 450000500170000001000260001702000260004303500140006903500140008303700090009708200120010610000240011824500970014226000360023927000820027530000200035720240905113806.0 aENG-118819 ENG-141656 a9788178244983c595.00 aEN-102351 aEN-125188 bDBAD a907.202 aChakrabarty, Dipesh aThe Calling of History:bSir Jadunath Sarkar and his Empire of Truth/cBy Dipesh Chakrabarty aRanikhetbPermanent Blackc2017 a'Himalyana' , Mall Road, Ranikhet CanttbRanikhete263645mperblack@gmail.com a304pc22cm.(pb)